|
|
|
|
| LEADER |
00747nab a2200229 i 4500 |
| 001 |
acta9256 |
| 005 |
20250519152619.0 |
| 008 |
161015s1995 hu o 000 hun d |
| 022 |
|
|
|a 0865-5553
|
| 040 |
|
|
|a SZTE Egyetemi Kiadványok Repozitórium
|b hun
|
| 041 |
|
|
|a hun
|
| 100 |
1 |
|
|a Ficino Marsilio
|
| 245 |
1 |
0 |
|a Commentarium V.
|h [elektronikus dokumentum] :
|b folytatás /
|c Ficino Marsilio
|
| 260 |
|
|
|a Pompeji Alapítvány
|b Szeged
|c 1995
|
| 300 |
|
|
|a 82-104
|
| 490 |
0 |
|
|a Pompeji
|
| 650 |
|
4 |
|a Bölcsészettudományok
|
| 650 |
|
4 |
|a Filozófia, etika és vallástudományok
|
| 695 |
|
|
|a Filozófia
|
| 700 |
0 |
1 |
|a Imregh Mónika
|
| 700 |
0 |
1 |
|a Sándor Edit
|
| 856 |
4 |
0 |
|u http://acta.bibl.u-szeged.hu/9256/1/pompeji_1995_003_082-104.pdf
|z Dokumentum-elérés
|